[Event "Quebec op"]
[Site "Quebec"]
[Date "2017.08.14"]
[Round "4"]
[White "Berube, Antoine"]
[Black "Mikhalevski, Victor"]
[Result "1/2-1/2"]
[WhiteElo "2121"]
[BlackElo "2533"]
[PlyCount "165"]
[EventDate "2017.08.12"]
[EventType "swiss"]
[EventRounds "9"]
[EventCountry "CAN"]
[SourceTitle "CBM 180 Extra"]
[Source "ChessBase"]
[SourceDate "2017.10.06"]
[SourceVersion "1"]
[SourceVersionDate "2017.10.06"]
[SourceQuality "1"]

1. d4 Nf6 2. c4 e6 3. Nf3 c5 4. d5 exd5 5. cxd5 d6 6. Nc3 g6 7. Bf4 a6 8. a4 Bg7 9. h3 0-0 10. e3 Qe7 11. Nd2 Nbd7 12. Nc4 Ne8 13. a5 f5 14. Be2 g5 15. Bh2 f4 16. 0-0 Ne5 17. Nxe5 Bxe5 18. exf4 gxf4 19. Bg4 Ng7 20. Bxc8 Raxc8 21. Re1 Rf6 22. Ra4 Qf7 23. Rae4 Rg6 24. Qa4 Qf5 25. Kh1 Rf8 26. f3 Nh5 27. R4e2 Kh8 28. Ne4 Rfg8 29. Qc2 Bd4 30. Qc4 Qd7 31. Rc2 Qg7 32. Ree2 Be5 33. b4 cxb4 34. Qxb4 Nf6 35. Nxf6 Rxf6 36. Qc4 Qd7 37. Bg1 Rh6 38. Bh2 Qf7 39. Qe4 Qg7 40. Qf5 Rf6 41. Qe4 Rf7 42. Rc4 Qf6 43. Bg1 Re8 44. Qc2 Ree7 45. Bb6 Qf5 46. Qxf5 Rxf5 47. Ree4 Kg7 48. Rc8 Kf7 49. Kg1 Rd7 50. Kf2 Bf6 51. Rc2 Kg6 52. Rd2 Re7 53. Bd8 Ree5 54. Bxf6 Kxf6 55. Rdd4 Rxe4 56. Rxe4 Kg5 57. Rd4 Kf6 58. Re4 Kg5 59. Rd4 Re5 60. g3 fxg3+ 61. Kxg3 Kf5 62. Rf4+ Kg6 63. Rg4+ Kf6 64. Rf4+ Kg7 65. Rb4 Rxd5 66. Rxb7+ Kf6 67. Rb6 Rxa5 68. Rxd6+ Kf7 69. f4 h5 70. Rb6 Ke7 71. Kh4 Ke8 72. Rb7 Rb5 73. Ra7 a5 74. Kg3 Kd8 75. Kf3 Rb3+ 76. Ke4 Rxh3 77. Rxa5 Ke7 78. Kf5 Rf3 79. Ra7+ Kf8 80. Rh7 Ra3 81. Kg5 h4 82. Rxh4 Kg7 83. Rh2 1/2-1/2

[Event "Quebec-ch op"]
[Site "Montreal"]
[Date "2016.07.28"]
[Round "7"]
[White "Roussel Roozmon, Thomas"]
[Black "Berube, Antoine"]
[Result "1-0"]
[WhiteElo "2454"]
[BlackElo "2129"]
[PlyCount "53"]
[EventDate "2016.07.23"]
[EventType "swiss"]
[EventRounds "8"]
[EventCountry "CAN"]
[SourceTitle "CBM 173 Extra"]
[Source "ChessBase"]
[SourceDate "2016.08.29"]
[SourceVersion "1"]
[SourceVersionDate "2016.08.29"]
[SourceQuality "1"]

1. d4 Nf6 2. c4 e6 3. Nc3 Bb4 4. e3 Bxc3+ 5. bxc3 d6 6. Bd3 Nbd7 7. Ne2 0-0 8. 0-0 b6 9. e4 Bb7 10. Ng3 h6 11. f4 e5 12. Qf3 Kh7 13. Nf5 Ng8 14. Qh3 f6 15. Bd2 Qe8 16. Rae1 Ba6 17. Re3 Rf7 18. Rg3 Nf8 19. fxe5 dxe5 20. Rxg7+ Rxg7 21. Bxh6 Rxg2+ 22. Kxg2 Ne6 23. Bg7+ Kg6 24. Be2 Nxg7 25. Qg4+ Kf7 26. Qxg7+ Ke6 27. d5# 1-0

[Event "Quebec-ch op"]
[Site "Montreal"]
[Date "2016.07.26"]
[Round "5"]
[White "Lebeau, Gilbert"]
[Black "Berube, Antoine"]
[Result "0-1"]
[WhiteElo "1993"]
[BlackElo "2129"]
[PlyCount "122"]
[EventDate "2016.07.23"]
[EventType "swiss"]
[EventRounds "8"]
[EventCountry "CAN"]
[SourceTitle "CBM 173 Extra"]
[Source "ChessBase"]
[SourceDate "2016.08.29"]
[SourceVersion "1"]
[SourceVersionDate "2016.08.29"]
[SourceQuality "1"]

1. d4 Nf6 2. Nf3 e6 3. c4 Bb4+ 4. Bd2 a5 5. a3 Bxd2+ 6. Nbxd2 0-0 7. e3 d6 8. Bd3 Nbd7 9. 0-0 Qe7 10. Qc2 b6 11. Ng5 h6 12. Nh7 Re8 13. Nxf6+ Nxf6 14. f4 Bb7 15. e4 e5 16. fxe5 dxe5 17. d5 Ng4 18. Rae1 Qc5+ 19. Kh1 Nf2+ 20. Rxf2 Qxf2 21. Rf1 Qe3 22. Rf3 Qc5 23. Nb3 Qe7 24. Qf2 a4 25. Nd2 Rf8 26. Nf1 Bc8 27. Qe3 Kh8 28. Ng3 Qg5 29. Qf2 f6 30. h3 Ra5 31. Kh2 Bd7 32. Nf5 Bxf5 33. Rxf5 Qg6 34. Rxe5 fxe5 35. Qxf8+ Kh7 36. Qc8 Rc5 37. Qf8 Qg5 38. Qf7 Qf4+ 39. Qxf4 exf4 40. g3 fxg3+ 41. Kxg3 Kg6 42. Kf4 Kf6 43. e5+ Ke7 44. Ke4 g5 45. Kd4 Ra5 46. Be2 Ra8 47. c5 bxc5+ 48. Kxc5 Rb8 49. Bb5 h5 50. Bxa4 Rxb2 51. Kc6 Kd8 52. Bd1 Rh2 53. Bxh5 Rxh3 54. Bg4 Rc3+ 55. Kb5 Rxa3 56. d6 cxd6 57. exd6 Rg3 58. Bf5 Rf3 59. Be4 Rf4 60. Bc6 g4 61. Kc5 g3 0-1

[Event "Quebec Montcalm op 6 2015-16"]
[Site "Quebec"]
[Date "2016.04.07"]
[Round "3"]
[White "Auger, Bertrand"]
[Black "Berube, Antoine"]
[Result "1/2-1/2"]
[WhiteElo "1903"]
[BlackElo "2151"]
[PlyCount "62"]
[EventDate "2016.03.24"]
[EventType "swiss"]
[EventRounds "5"]
[EventCountry "CAN"]
[SourceTitle "EXT 2022"]
[Source "ChessBase"]
[SourceDate "2021.10.06"]
[SourceVersion "1"]
[SourceVersionDate "2021.10.06"]
[SourceQuality "1"]

1. Nf3 d5 2. g3 c6 3. Bg2 Bg4 4. 0-0 Nd7 5. d4 Ngf6 6. Nbd2 e6 7. c4 Bd6 8. Re1 0-0 9. e4 Nxe4 10. Nxe4 dxe4 11. Rxe4 Nf6 12. Re1 h6 13. Qb3 Qb6 14. Qxb6 axb6 15. Bd2 Ra4 16. b3 Ra3 17. Ne5 Rfa8 18. Nxg4 Nxg4 19. Bc3 Rxa2 20. Rxa2 Rxa2 21. Ra1 Rxf2 22. h3 Rc2 23. Ra8+ Bf8 24. Bb4 c5 25. dxc5 Rc1+ 26. Bf1 Ne3 27. Rxf8+ Kxf8 28. c6+ Ke8 29. cxb7 Rxf1+ 30. Kh2 Rf2+ 31. Kg1 Rf1+ 1/2-1/2

[Event "Quebec Montcalm op 6 2015-16"]
[Site "Quebec"]
[Date "2016.03.24"]
[Round "1"]
[White "Lessard, Claude"]
[Black "Berube, Antoine"]
[Result "1/2-1/2"]
[WhiteElo "2046"]
[BlackElo "2151"]
[PlyCount "53"]
[EventDate "2016.03.24"]
[EventType "swiss"]
[EventRounds "5"]
[EventCountry "CAN"]
[SourceTitle "EXT 2022"]
[Source "ChessBase"]
[SourceDate "2021.10.06"]
[SourceVersion "1"]
[SourceVersionDate "2021.10.06"]
[SourceQuality "1"]

1. d4 d5 2. c4 c6 3. Nc3 Nf6 4. e4 Nxe4 5. Nxe4 dxe4 6. a3 Bf5 7. Be3 e5 8. dxe5 Qa5+ 9. Qd2 Qxe5 10. Bf4 Qe6 11. Ne2 Nd7 12. Nd4 Qf6 13. Bg5 Qg6 14. b4 Be7 15. Bxe7 Kxe7 16. Be2 Rhe8 17. Qf4 Be6 18. 0-0 Kf8 19. Rfd1 Nb6 20. Rac1 Kg8 21. Nb3 Qf6 22. Qxf6 gxf6 23. Nc5 Red8 24. Re1 Rd4 25. Nxb7 Bxc4 26. Na5 Bxe2 27. Rxe2 1/2-1/2

[Event "Quebec-ch op"]
[Site "Montreal"]
[Date "2013.07.24"]
[Round "5"]
[White "Berube, Antoine"]
[Black "Zhou, Qiyu"]
[Result "1-0"]
[WhiteElo "2174"]
[BlackElo "1902"]
[PlyCount "121"]
[EventDate "2013.07.21"]
[EventType "swiss"]
[EventRounds "9"]
[EventCountry "CAN"]
[SourceTitle "EXT 2014"]
[Source "ChessBase"]
[SourceDate "2013.11.20"]
[SourceVersion "1"]
[SourceVersionDate "2013.11.20"]
[SourceQuality "1"]

1. Nf3 Nf6 2. g3 e6 3. Bg2 d5 4. 0-0 Be7 5. d4 0-0 6. c4 dxc4 7. Qc2 a6 8. a4 Bd7 9. Qxc4 Bc6 10. Bf4 Nd5 11. Bd2 Nd7 12. Nc3 N7b6 13. Qb3 Qe8 14. a5 Nxc3 15. Qxc3 Nd5 16. Qb3 Nf6 17. Rfc1 Bd5 18. Qc2 Rc8 19. b4 Qb5 20. e3 Be4 21. Qb2 Nd5 22. Bf1 Bd3 23. Bxd3 Qxd3 24. Ne5 Qb5 25. Rab1 Rfd8 26. Qb3 Qe2 27. Be1 c6 28. Rc2 Qh5 29. Kg2 Bd6 30. Nd3 Qg6 31. Re2 f5 32. Bd2 Kf7 33. Rbe1 Nf6 34. f3 Qh5 35. e4 fxe4 36. fxe4 Ng4 37. h3 Nh6 38. Rf2+ Ke7 39. Ref1 Rf8 40. e5 Bc7 41. Rxf8 Rxf8 42. Rxf8 Kxf8 43. Nf4 Qf7 44. Qxe6 Bd8 45. Qc8 Ke8 46. Ne6 Qd7 47. Qxd7+ Kxd7 48. Nxd8 Kxd8 49. Bxh6 gxh6 50. Kf3 Ke7 51. Ke4 Ke6 52. g4 Ke7 53. Kf5 Kf7 54. e6+ Ke7 55. Ke5 Ke8 56. Kd6 Kd8 57. e7+ Ke8 58. Ke6 h5 59. gxh5 h6 60. h4 c5 61. d5 1-0

[Event "St Jean op"]
[Site "St Jean sur Richelieu"]
[Date "2012.06.09"]
[Round "3"]
[White "Berube, Antoine"]
[Black "Caire, Francois"]
[Result "1-0"]
[WhiteElo "2246"]
[BlackElo "2268"]
[PlyCount "99"]
[EventDate "2012.06.08"]
[EventType "swiss"]
[EventRounds "5"]
[EventCountry "CAN"]
[SourceTitle "EXT 2022"]
[Source "ChessBase"]
[SourceDate "2021.10.06"]
[SourceVersion "1"]
[SourceVersionDate "2021.10.06"]
[SourceQuality "1"]

1. d4 Nf6 2. c4 e6 3. Nc3 Bb4 4. Nf3 c5 5. g3 cxd4 6. Nxd4 0-0 7. Bg2 d5 8. cxd5 Nxd5 9. Bd2 Nb6 10. Nc2 Be7 11. 0-0 Nc6 12. b3 e5 13. e4 Bg4 14. f3 Bc5+ 15. Be3 Bxe3+ 16. Nxe3 Be6 17. Qe2 Nd4 18. Qf2 Rc8 19. Rac1 Rc6 20. f4 f6 21. Ncd5 Rxc1 22. Rxc1 Qd6 23. Kh1 Rc8 24. Rxc8+ Bxc8 25. Nxb6 Qxb6 26. Nd5 Qc5 27. Qd2 Be6 28. fxe5 fxe5 29. h4 b6 30. Kh2 Bxd5 31. exd5 Qc2 32. Qxc2 Nxc2 33. d6 Kf7 34. Be4 Nd4 35. Bxh7 Ke6 36. g4 Kxd6 37. g5 b5 38. Kg3 Ke6 39. Kg4 b4 40. Bg8+ Ke7 41. h5 Kf8 42. Bc4 Ke7 43. Bd5 Ne2 44. Kf5 Nc3 45. Kxe5 Nxa2 46. h6 gxh6 47. gxh6 Kf8 48. Kf6 Nc3 49. Bc4 Ne4+ 50. Kg6 1-0

[Event "Quebec-ch op"]
[Site "Montreal"]
[Date "2011.07.25"]
[Round "4"]
[White "Berube, Antoine"]
[Black "Voskanyan, Vahagn"]
[Result "1/2-1/2"]
[WhiteElo "2142"]
[BlackElo "2261"]
[PlyCount "107"]
[EventDate "2011.07.23"]
[EventType "swiss"]
[EventRounds "9"]
[EventCountry "CAN"]
[SourceTitle "CBM 143 Extra"]
[Source "ChessBase"]
[SourceDate "2011.08.29"]
[SourceVersion "1"]
[SourceVersionDate "2011.08.29"]
[SourceQuality "1"]

1. d4 d5 2. c4 c6 3. Nc3 e5 4. dxe5 d4 5. Ne4 Qa5+ 6. Bd2 Qxe5 7. Ng3 c5 8. Nf3 Qc7 9. Qc2 Nf6 10. e3 dxe3 11. Bxe3 Nc6 12. a3 Be7 13. h3 0-0 14. 0-0-0 Bd6 15. Ne4 Nxe4 16. Qxe4 Ne7 17. Qc2 Bf4 18. Bxf4 Qxf4+ 19. Qd2 Qf6 20. Qd6 Be6 21. Qxc5 Rfc8 22. Qd4 Qxd4 23. Rxd4 Nf5 24. Rf4 b5 25. b3 Nd6 26. Nd2 Rab8 27. Bd3 bxc4 28. bxc4 g5 29. Rf3 Nxc4 30. Nxc4 Bxc4 31. Bxc4 Rxc4+ 32. Kd2 Rb2+ 33. Kd3 Ra4 34. Ra1 Rb3+ 35. Ke2 Re4+ 36. Re3 Rbxe3+ 37. fxe3 Ra4 38. g4 Kg7 39. Kf3 Kf6 40. Ra2 Ke5 41. Ra1 Kf6 42. Kg3 Kg6 43. Ra2 h5 44. gxh5+ Kxh5 45. Ra1 f5 46. Ra2 Rc4 47. a4 Rc3 48. Kf2 Kh4 49. Rb2 Kxh3 50. Rb7 Kg4 51. Ke2 Rc2+ 52. Kd3 Ra2 53. Rxa7 Kf3 54. Ra5 1/2-1/2

[Event "Moscow Aeroflot op-B 10th"]
[Site "Moscow"]
[Date "2011.02.16"]
[Round "9"]
[White "Berube, Antoine"]
[Black "Dolzhikova, Kateryna"]
[Result "1-0"]
[WhiteElo "2146"]
[BlackElo "2303"]
[PlyCount "163"]
[EventDate "2011.02.08"]
[EventType "swiss"]
[EventRounds "9"]
[EventCountry "RUS"]
[SourceTitle "CBM 140 Extra"]
[Source "ChessBase"]
[SourceDate "2011.03.01"]
[SourceVersion "1"]
[SourceVersionDate "2011.03.01"]
[SourceQuality "1"]

1. d4 d5 2. c4 c6 3. Nc3 Nf6 4. e3 e6 5. Nf3 Nbd7 6. Bd3 dxc4 7. Bxc4 b5 8. Bd3 Bd6 9. 0-0 0-0 10. a4 b4 11. Ne4 Nxe4 12. Bxe4 Bb7 13. a5 a6 14. Nd2 Qc7 15. g3 c5 16. Qf3 Bxe4 17. Nxe4 c4 18. Bd2 Be7 19. g4 Rac8 20. Rfc1 Qc6 21. Qg2 Qb5 22. f4 Nf6 23. Nxf6+ Bxf6 24. g5 Bd8 25. Qe4 Bxa5 26. Qe5 c3 27. bxc3 bxc3 28. Be1 Bb4 29. Qxb5 axb5 30. Rab1 Rc4 31. Kf1 Rfc8 32. Rc2 f5 33. gxf6 gxf6 34. Ke2 Kf7 35. Kd3 f5 36. Ra1 Ke7 37. Ra7+ R8c7 38. Ra8 Kd7 39. Ra6 Be7 40. Rxc3 Bb4 41. Rxc4 bxc4+ 42. Ke2 Bxe1 43. Kxe1 Rb7 44. Kd2 Rb2+ 45. Kc3 Rxh2 46. Kxc4 Rc2+ 47. Kd3 Rc6 48. Ra2 Kd6 49. e4 Rc7 50. e5+ Kc6 51. Ra6+ Kd7 52. d5 exd5 53. Kd4 Rc6 54. Ra5 Ke6 55. Rxd5 Ra6 56. Rd8 Ra4+ 57. Ke3 Ra3+ 58. Kf2 Ke7 59. Rd6 Ra2+ 60. Kg3 Ra8 61. Rf6 Rg8+ 62. Kf3 Rf8 63. Rh6 Rf7 64. Ke3 Kf8 65. Kd4 Kg7 66. Rh5 Kg6 67. Rg5+ Kh6 68. Rg8 Rg7 69. Rf8 Rg1 70. Rxf5 Rd1+ 71. Ke4 Kg6 72. Rf6+ Kg7 73. Kf5 h5 74. Rg6+ Kf7 75. Rh6 Rh1 76. e6+ Ke7 77. Rh7+ Kd6 78. Rd7+ Kc6 79. Rd2 Re1 80. Kf6 h4 81. Rh2 Kd6 82. f5 1-0

[Event "Moscow Aeroflot op-B 10th"]
[Site "Moscow"]
[Date "2011.02.11"]
[Round "4"]
[White "Berube, Antoine"]
[Black "Zhelesny, Stanislav"]
[Result "1/2-1/2"]
[WhiteElo "2146"]
[BlackElo "2194"]
[PlyCount "111"]
[EventDate "2011.02.08"]
[EventType "swiss"]
[EventRounds "9"]
[EventCountry "RUS"]
[SourceTitle "CBM 140 Extra"]
[Source "ChessBase"]
[SourceDate "2011.03.01"]
[SourceVersion "1"]
[SourceVersionDate "2011.03.01"]
[SourceQuality "1"]

1. d4 Nf6 2. c4 g6 3. Nc3 d5 4. cxd5 Nxd5 5. e4 Nb6 6. Be3 Bg7 7. h3 0-0 8. Nf3 Nc6 9. Be2 f5 10. exf5 gxf5 11. Qd2 f4 12. Bxf4 Nxd4 13. 0-0-0 c5 14. Be5 Nxf3 15. Qxd8 Bh6+ 16. Kb1 Bf5+ 17. Ka1 Raxd8 18. Bxf3 Bc2 19. Rxd8 Rxd8 20. Bxb7 Rd2 21. f4 Nd7 22. Bc7 Bg7 23. Re1 Rf2 24. Bf3 Bd4 25. Bd8 e5 26. Bh4 Rd2 27. Re2 Bxc3 28. bxc3 Rxe2 29. Bxe2 exf4 30. Bf3 Ne5 31. Bd5+ Kg7 32. Be7 Nd3 33. Bc4 Kg6 34. Be6 a5 35. Bd8 a4 36. Bd7 Ne5 37. Kb2 Be4 38. Bxa4 Bxg2 39. Bb5 Bxh3 40. Bb6 c4 41. Kc2 Be6 42. Kd2 Bd7 43. Bxd7 Nxd7 44. Bd4 Kf5 45. a4 Ke4 46. a5 Nb8 47. Ke2 Na6 48. Kf2 Nc7 49. Bf6 Kd5 50. Bd8 Kc6 51. Kf3 Nd5 52. a6 Nxc3 53. Kxf4 Na4 54. Ke3 Nc5 55. a7 Kb7 56. Bb6 1/2-1/2

[Event "Quebec Montcalm op"]
[Site "Quebec"]
[Date "2011.01.08"]
[Round "2"]
[White "Berube, Antoine"]
[Black "Auger, Bertrand"]
[Result "1/2-1/2"]
[WhiteElo "2193"]
[BlackElo "1923"]
[PlyCount "30"]
[EventDate "2011.01.07"]
[EventType "swiss"]
[EventRounds "5"]
[EventCountry "CAN"]
[SourceTitle "EXT 2022"]
[Source "ChessBase"]
[SourceDate "2021.10.06"]
[SourceVersion "1"]
[SourceVersionDate "2021.10.06"]
[SourceQuality "1"]

1. d4 e6 2. c4 Nf6 3. Nc3 Bb4 4. Nf3 b6 5. Bg5 Bb7 6. Nd2 0-0 7. f3 c5 8. dxc5 Bxc5 9. e4 Nc6 10. Nb3 Be7 11. Qd2 Rc8 12. 0-0-0 Ne5 13. Qd4 Nc6 14. Qd2 Ne5 15. Qd4 Nc6 1/2-1/2